000 01366nam0a2200361 4500
001 RU\NLR\bibl\1363157
005 20250615184417.0
010 _a978-5-9533-2122-8
_bв пер.
_95000
021 _aRU
_b2009-18468
_91096
035 _a(nilc)IZD\veche\2007\60211
035 _aKML\BIBL\0000008394
035 _a(NLR Aleph) 001355321
090 _a946939
_c946939
100 _a20090319d2009 |||y0rusy50 ca
101 1 _arus
_cfre
102 _aRU
105 _ay |||||||||
200 1 _aЧеловек со свинцовым чревом
_e[роман]
_fЖан-Франсуа Паро
_g[пер. с фр. Е. Астапковой]
210 _aМосква
_cВече
_d2009
_gОАО "Рыбин. Дом печати"
_eРыбинск
215 _a325, [3] с.
_d21
225 1 _aRetro-детектив
610 0 _aДетективные романы и рассказы французские (х.л.)
686 _a0641
_aЗарубежный детектив
_2TCC-BG
686 _a84(4Фра)-44
_vLBC/PL
_2rubbk
686 _aШ6(4Фр)67-446{Лх1649-60}
700 1 _aПаро
_bЖ. -Ф.
_gЖан-Франсуа
_4070
801 0 _aRU
_bЛИБНЕТ
_c20090225
801 1 _aRU
_bМурманская ГОУНБ
_c20090319
801 2 _aRU
_bNLR
_c20090430
_grcr
830 _aCODE_OF_LIBNET\000018579
942 _cBOOK
980 _aNB